[Event "45th Olympiad Budapest 2024"]
[Site "Budapest"]
[Date "2024.09.19"]
[Round "8"]
[Board "1"]
[White "Oatlhotse, Providence"]
[Black "Santos Flores, Alberto"]
[Result "1-0"]
[WhiteElo "2239"]
[BlackElo "2168"]
[PlyCount "101"]
[EventDate "2024.09.11"]
[EventType "team-tourn"]
[EventRounds "11"]
[EventCountry "HUN"]
[WhiteTeam "Botswana"]
[BlackTeam "Ecuador"]
[WhiteTeamCountry "BOT"]
[BlackTeamCountry "ECU"]

1. Nf3 d5 2. g3 Nf6 3. Bg2 e6 4. O-O Be7 5. d3 c5 6. Nbd2 Nc6 7. e4 O-O 8. Re1 b5 9. e5 Nd7 10. Nf1 a5 11. h4 b4 12. N1h2 a4 13. Ng4 a3 14. b3 ({RR} 14. bxa3 bxa3 15. h5 f5 16. exf6 Bxf6 17. Rb1 Nb4 18. Nxf6+ Qxf6 19. Rb3 Nxa2 20. Rxa3 Nc3 21. Qd2 Nb1 22. Rxa8 Nxd2 23. Bxd2 e5 24. Bc3 d4 25. Bd2 Bb7 26. Rxf8+ Nxf8 27. Ng5 Bxg2 28. Kxg2 Qf5 {0-1 Sargsyan,A (2371)-Sarana,A (2717) Titled Tue 9th Jul Late 2024 (8)}) 14... Nd4 ({RR} 14... Ba6 15. Bg5 Nd4 16. Nxd4 cxd4 17. Qd2 Rc8 18. Rac1 Re8 19. Nh2 Qb6 20. Qf4 Bc5 21. Qg4 Kh8 22. Bxd5 Nxe5 23. Rxe5 exd5 24. Rce1 Rxe5 25. Rxe5 Bf8 26. Re2 h6 27. Bf4 f6 28. Nf3 Bb5 29. Qxc8 {1-0 Kuzubov,Y (2699)-Potkin,V (2574) Wch Blitz Riadh 2017 (5)}) 15. Bf4 Ba6 16. Nxd4 $146 ({RR} 16. Qd2 Rc8 17. Bg5 Kh8 18. Bxe7 Qxe7 19. Ng5 Nb6 20. Rac1 f5 21. exf6 gxf6 22. Nh3 Qg7 23. Ne3 Nd7 24. Qd1 Rg8 25. Nf4 Ne5 26. Kh1 Bb5 27. Nf1 Bd7 28. c4 bxc3 29. Rxc3 Qh6 30. Nh2 Nf5 {1-0 Babrikowski,P (2320)-Lang,J DDR-ch28 Final 1979 (8)}) 16... cxd4 17. Nh2 Rc8 18. Rc1 Nb8 19. Qg4 Kh8 20. Nf3 Nc6 21. Bg5 Rc7 22. Bf1 Qd7 23. Kg2 Rfc8 24. Qf4 Bf8 25. h5 Na7 26. h6 g6 27. Nh2 Rxc2 28. Rxc2 Rxc2 29. Ng4 Qc7 30. Bf6+ Kg8 31. Bg7 Be7 32. Qxd4 Nc6 33. Qf4 d4 34. Kg1 Bb7 35. Bg2 Qd7 36. Bf6 Bf8 37. Bg5 Qc7 38. Nf6+ Kh8 39. Ne8 Qd7 40. Nd6 Kg8 41. Nxb7 Qxb7 42. Rc1 Rc3 43. Qe4 Qb5 44. Rxc3 bxc3 45. Qxc6 Qxe5 46. Bf4 Qe1+ 47. Bf1 f6 48. Qc8 Kf7 49. Qd7+ Kg8 50. Bd6 c2 51. Qc8 1-0

[Event "45th Olympiad Budapest 2024"]
[Site "Budapest"]
[Date "2024.09.19"]
[Round "8"]
[Board "2"]
[White "Noboa Silva, Kevin"]
[Black "Notha, Moakofi"]
[Result "1-0"]
[WhiteElo "2270"]
[BlackElo "1996"]
[PlyCount "55"]
[EventDate "2024.09.11"]
[EventType "team-tourn"]
[EventRounds "11"]
[EventCountry "HUN"]
[WhiteTeam "Ecuador"]
[BlackTeam "Botswana"]
[WhiteTeamCountry "ECU"]
[BlackTeamCountry "BOT"]

1. d4 d5 2. c4 c6 3. Nf3 e6 4. g3 f5 5. Bg2 Nf6 6. Bf4 Nbd7 ({RR} 6... Be7 7. O-O O-O 8. Nbd2 Ne4 9. Rc1 Nd7 10. Nxe4 fxe4 11. Ne5 Bg5 12. Bxg5 Qxg5 13. f4 Qe7 14. Qb3 Nxe5 15. fxe5 Rxf1+ 16. Bxf1 a5 17. e3 Qb4 18. Qc2 Qe7 19. Be2 Bd7 20. c5 Qg5 21. Qd2 {½-½ Ding,L (2799)-Firouzja,A (2759) FTX Crypto Cup Prelim rapid 2021 (9)}) ({RR} 6... Be7 7. O-O O-O 8. Nbd2 Ne4 9. Qc2 g5 10. Bxb8 Rxb8 11. Ne5 Bf6 12. Nxe4 dxe4 13. Rad1 Qc7 14. f4 gxf4 15. gxf4 c5 16. e3 cxd4 17. exd4 Bd7 18. Nxd7 Qxd7 19. d5 Rbc8 20. Qe2 Qe7 21. b3 {1-0 Rustemov,A (2525)-Aaron,D (2278) Titled Tue 6th Feb Late 2024 (6)}) 7. O-O Be7 8. Qc2 $146 ({RR} 8. Nc3 Ne4 9. Rc1 Bf6 10. h4 O-O 11. Qb3 Kh8 12. Rfd1 h6 13. Ne5 Bxe5 14. Bxe5 Nxe5 15. dxe5 Qb6 16. Qxb6 axb6 17. Nxe4 fxe4 18. a3 Rf5 19. f4 exf3 20. exf3 Rxe5 21. Bh3 Re2 22. cxd5 exd5 {0-1 Lindgren,P-Arvola,B (2105) Politiken Cup 30th 2008 (3)}) 8... Ne4 9. Nc3 O-O 10. Ne5 Bf6 11. Rad1 Qe7 12. h4 g6 13. f3 Nxc3 14. bxc3 Bxe5 15. dxe5 Qc5+ 16. Kh2 dxc4 17. Bh6 Re8 18. f4 Nb6 19. e4 Kf7 20. Rd4 fxe4 21. Qxe4 Qa3 22. g4 Rg8 23. f5 gxf5 24. gxf5 Qxc3 25. Bg5 Nd5 26. fxe6+ Ke8 27. Rxd5 Rxg5 28. Rf8+ 1-0

[Event "45th Olympiad Budapest 2024"]
[Site "Budapest"]
[Date "2024.09.19"]
[Round "8"]
[Board "3"]
[White "Monnaatsheko, Keletshabile"]
[Black "Garzon Zapatanga, Christopher Leonel"]
[Result "0-1"]
[WhiteElo "2064"]
[BlackElo "2216"]
[PlyCount "48"]
[EventDate "2024.09.11"]
[EventType "team-tourn"]
[EventRounds "11"]
[EventCountry "HUN"]
[WhiteTeam "Botswana"]
[BlackTeam "Ecuador"]
[WhiteTeamCountry "BOT"]
[BlackTeamCountry "ECU"]

1. Nf3 Nf6 2. d4 g6 3. g3 Bg7 4. Bg2 O-O 5. O-O d6 6. b3 e5 7. dxe5 Ng4 8. Bb2 Nc6 9. c4 Ngxe5 10. Nc3 a5 ({RR} 10... h6 11. Qc2 Bf5 12. Qd2 Bd7 13. Rad1 Nxf3+ 14. exf3 a6 15. Nd5 Bxb2 16. Qxb2 f5 17. Rfe1 Rf7 18. h4 h5 19. f4 a5 20. Re3 Nb4 21. Rde1 c6 22. Nc3 Qf6 23. a3 Na6 24. Qd2 Nc5 25. b4 {1-0 Hajiyev,K (2129)-Skaric,D (2297) Titled Tue 9th Jan Late 2024 (7)}) 11. Qd2 a4 ({RR} 11... Be6 12. Nxe5 dxe5 13. Rfd1 Qxd2 14. Rxd2 Rfd8 15. Rad1 Rxd2 16. Rxd2 Rd8 17. Rxd8+ Nxd8 18. Nd5 c6 19. Nb6 Bf5 20. e4 Bg4 21. Bc3 Bd1 22. Bxa5 Bc2 23. Bh3 f5 24. exf5 gxf5 25. Nc8 Ne6 26. Bxf5 {1-0 Moussard,J (2570)-Pavlidis,A (2563) FRA-ch rapid 2018 (8)}) 12. Nxe5 Nxe5 13. f4 $146 ({RR} 13. Rad1 axb3 14. axb3 Be6 15. Ra1 Nc6 16. Ne4 Rxa1 17. Rxa1 Bxb2 18. Qxb2 f5 {½-½ Haessler,C (2273)-Weeramantry,S (2199) World op 31st 2003 (8)}) ({RR} 13. Nxa4 Nxc4 14. bxc4 Rxa4 15. Bxg7 Kxg7 16. Bxb7 Bxb7 17. Qb2+ Qf6 18. Qxb7 Rxc4 19. a4 Rc2 20. Rac1 Rxe2 21. Qxc7 Ra2 22. Qc6 Rb8 23. Rc2 Rbb2 24. Rxb2 Qxb2 25. Qxd6 {½-½ Demidov,M (2514)-Bocharov,D (2557) RUS-ch blitz 2018 (17.9)}) 13... a3 14. Bc1 Ng4 15. Rb1 c6 16. Na4 Re8 17. e4 b5 18. cxb5 cxb5 19. Nc3 Qb6+ 20. Kh1 Bxc3 21. Qxc3 Nf2+ 22. Rxf2 Qxf2 23. f5 b4 24. Qf6 Qe1+ 0-1

[Event "45th Olympiad Budapest 2024"]
[Site "Budapest"]
[Date "2024.09.19"]
[Round "8"]
[Board "4"]
[White "Mieles Palau, Daniel"]
[Black "Bayani, Kuda"]
[Result "1/2-1/2"]
[WhiteElo "2321"]
[BlackElo "1931"]
[PlyCount "60"]
[EventDate "2024.09.11"]
[EventType "team-tourn"]
[EventRounds "11"]
[EventCountry "HUN"]
[WhiteTeam "Ecuador"]
[BlackTeam "Botswana"]
[WhiteTeamCountry "ECU"]
[BlackTeamCountry "BOT"]

1. c4 Nf6 2. Nf3 e6 3. e3 d5 4. Nc3 Be7 5. b3 c6 6. Bb2 Nbd7 ({RR} 6... O-O 7. d4 c5 8. Bd3 cxd4 9. exd4 Nc6 10. O-O b6 11. Qe2 Nb4 12. Bb1 Bb7 13. Rd1 Re8 14. Ne5 Bf8 15. Bc1 h6 16. Qf3 Rc8 17. Qg3 Nh5 18. Qf3 Nf6 19. Qg3 Nh5 20. Qh3 Nf6 21. g4 {0-1 Kortschnoj,V (2695)-Marovic,D (2470) Linares-02 1979}) 7. Qc2 ({RR} 7. cxd5 exd5 8. Be2 O-O 9. O-O Bd6 10. d4 Ne4 11. Qc2 Ndf6 12. Bd3 Re8 13. Nd2 Nxd2 14. Qxd2 Ng4 15. g3 Qg5 16. Kg2 Qh5 17. Rh1 Re6 18. Ne2 Rf6 19. Nf4 Bxf4 20. exf4 Nh6 21. Be2 Bh3+ {½-½ Psarianou,E (1590)-Lampou,M (1735) 51st TCh-GRE 2024 (5.77)}) 7... a6 8. Be2 $146 ({RR} 8. d3 b5 9. g3 Bb7 10. Bg2 Rc8 11. O-O O-O 12. Rfe1 bxc4 13. bxc4 c5 14. e4 d4 15. Ne2 e5 16. Rab1 Bc6 17. Nh4 g6 18. Bc1 Ne8 19. Bh6 Ng7 20. Nf3 Qc7 21. Bh3 f5 22. Ng5 Bxg5 {0-1 Gross,W (2223)-Sandklef,A (1975) EU-chT Seniors 15th 2013 (6)}) ({RR} 8. d4 O-O 9. Bd3 b5 10. O-O Bb7 11. Rad1 Rc8 12. e4 b4 13. e5 bxc3 14. exf6 Nxf6 15. Bxc3 Qc7 16. c5 g6 17. Rfe1 Ne8 18. Re3 Ng7 19. Qe2 Ra8 20. b4 Bf6 21. Ne5 Nh5 22. Rf3 Bxe5 {1-0 Tuomainen,I-Koskinen,J FIN-chT Finland 1988}) ({RR} 8. g4 Nxg4 9. Rg1 Nge5 10. Nxe5 Nxe5 11. O-O-O Ng6 12. d4 Qc7 13. f4 Bd7 14. Kb1 O-O-O 15. Rc1 Kb8 16. Bd3 f5 17. c5 Bf6 18. b4 Ne7 19. a4 Nc8 20. Qb3 Na7 21. Ba3 h6 22. Rg2 g5 {1-0 Figura,A (2418)-Siebarth,M (2049) GER-ch U25 Oberhof 2010 (5)}) 8... b6 9. Rg1 h5 10. O-O-O Bb7 11. h3 Qc7 12. g4 hxg4 13. hxg4 O-O-O 14. g5 Ne8 15. d4 g6 16. Kb1 Kb8 17. Rc1 Rc8 18. Qd3 Qd8 19. e4 Nd6 20. e5 Nf5 21. Qd2 Qf8 22. Qf4 Ka7 23. Bd3 Qg7 24. a4 Rhd8 25. Nh2 dxc4 26. bxc4 Nxd4 27. Ng4 Nc5 28. Bf1 Ndb3 29. Rc2 Rd7 30. Nf6 Rdd8 1/2-1/2

[Event "45th Olympiad Budapest 2024"]
[Site "Budapest"]
[Date "2024.09.19"]
[Round "8"]
[Board "1"]
[White "Chinchilla, Alejandro Jose"]
[Black "Berend, Fred"]
[Result "1-0"]
[WhiteElo "2113"]
[BlackElo "2230"]
[PlyCount "119"]
[EventDate "2024.09.11"]
[EventType "team-tourn"]
[EventRounds "11"]
[EventCountry "HUN"]
[WhiteTeam "Honduras"]
[BlackTeam "Luxembourg"]
[WhiteTeamCountry "HON"]
[BlackTeamCountry "LUX"]

1. e4 c5 2. Nf3 e6 3. d4 cxd4 4. Nxd4 Nc6 5. Nc3 Qc7 6. Be3 a6 7. Qf3 Nf6 8. Qg3 Qxg3 9. hxg3 Ng4 10. Nxc6 Nxe3 11. fxe3 ({RR} 11. Nd4 Nxf1 12. Kxf1 b5 13. Rd1 Bb7 14. f3 Rc8 15. a3 Bc5 16. Nce2 Rc7 17. c3 O-O 18. g4 Re8 19. Nb3 Be7 20. Kf2 d5 21. e5 f6 22. exf6 Bxf6 23. Nf4 d4 24. Nh5 dxc3 25. Nxf6+ gxf6 {0-1 Smith,A (1857)-MacKinnon,K (2142) Reykjavik Open 2024 (6.82)}) 11... bxc6 $146 ({RR} 11... dxc6 12. e5 g6 13. Ne4 Bg7 14. Nf6+ Ke7 15. Bd3 Bxf6 16. exf6+ Kxf6 17. Ke2 e5 18. Raf1+ Ke7 19. Rh4 Be6 20. g4 g5 21. Rh6 Bxg4+ 22. Ke1 Rad8 23. Kf2 Rd6 24. Rfh1 Rxh6 25. Rxh6 Be6 26. Rxh7 {0-1 Brongers,H (2056)-Batakovs,O (1918) Wch Seniors 65 29th 2019 (7)}) 12. e5 g6 13. Ne4 Bg7 14. Nd6+ Ke7 15. Nc4 a5 16. O-O-O Rb8 17. Rh4 Rb5 18. Re4 f5 19. exf6+ Bxf6 20. a4 Rb4 21. Rf4 Bg5 22. c3 Rxa4 23. Kb1 Bxf4 24. gxf4 d5 25. b3 Rxc4 26. bxc4 Ba6 27. Kc2 Ra8 28. Ra1 Bxc4 29. Bxc4 dxc4 30. Ra4 Kd6 31. Rxc4 a4 32. Kb2 c5 33. Re4 Kd5 34. Re5+ Kc4 35. Ka3 Ra5 36. Rxe6 Kxc3 37. Rd6 c4 38. e4 g5 39. Rd5 Ra7 40. f5 h5 41. f6 Rf7 42. e5 h4 43. Rd7 Rxd7 44. e6 Rd1 45. Kxa4 Kb2 46. f7 c3 47. f8=Q Rd4+ 48. Kb5 Re4 49. Qf6 g4 50. Qf5 Rxe6 51. Qxe6 c2 52. Qe5+ Kb3 53. Qe3+ Kb2 54. Qd4+ Kb1 55. Qb4+ Ka2 56. Qc3 Kb1 57. Qb3+ Kc1 58. Kc4 Kd2 59. Qd3+ Kc1 60. Kc3 1-0

[Event "45th Olympiad Budapest 2024"]
[Site "Budapest"]
[Date "2024.09.19"]
[Round "8"]
[Board "2"]
[White "Berend, Elvira"]
[Black "Gavarrete, Joel"]
[Result "1-0"]
[WhiteElo "2219"]
[BlackElo "2059"]
[PlyCount "79"]
[EventDate "2024.09.11"]
[EventType "team-tourn"]
[EventRounds "11"]
[EventCountry "HUN"]
[WhiteTeam "Luxembourg"]
[BlackTeam "Honduras"]
[WhiteTeamCountry "LUX"]
[BlackTeamCountry "HON"]

1. d4 Nf6 2. c4 e6 3. Nf3 d5 4. g3 c6 5. Qc2 b6 6. Bg2 Bb4+ ({RR} 6... Bb7 7. O-O Nbd7 8. Nc3 dxc4 9. Nd2 a6 10. Nxc4 b5 11. Ne5 Nxe5 12. dxe5 Nd5 13. Rd1 Qb8 14. Nxd5 cxd5 15. Bf4 Be7 16. e4 dxe4 17. Rac1 O-O 18. Rd7 Bd8 19. Rxb7 Qxb7 20. Bxe4 Qb8 21. Bxa8 {½-½ Andersson,U (2641)-Krasenkow,M (2702) Olympiad-34 Istanbul 2000 (5.1)}) ({RR} 6... Bb7 7. O-O Nbd7 8. Rd1 Rc8 9. Nc3 Be7 10. e4 dxe4 11. Ng5 O-O 12. Ncxe4 h6 13. Nh3 Nxe4 14. Bxe4 Nf6 15. Bg2 Qc7 16. Bf4 Bd6 17. c5 bxc5 18. dxc5 Bxf4 19. Nxf4 Nd5 20. Ne2 a5 21. a3 {0-1 Shapiro,D (2284)-Arnold,K Titled Tue 9th Jul Late 2024 (6)}) 7. Bd2 $146 ({RR} 7. Nbd2 a5 8. O-O Ba6 9. Rd1 O-O 10. b3 Nbd7 11. e4 Rc8 12. Bb2 Bb7 13. a3 Be7 14. Ne5 Qc7 15. Rac1 Qb8 16. Qb1 Rfd8 17. Re1 Nxe5 18. dxe5 Ng4 19. cxd5 cxd5 20. Rxc8 Qxc8 21. h3 Nh6 {1-0 Santu,M (2195)-Roop,S (2011) IND-chT Gurgaon 2010 (6)}) 7... Bxd2+ 8. Nbxd2 O-O 9. O-O Bb7 10. e4 dxe4 11. Nxe4 Nxe4 12. Qxe4 Nd7 13. Rfd1 Rc8 14. b4 Qe7 15. c5 a5 16. a3 Ba6 17. Qc2 Rfd8 18. h4 h6 19. Ne5 Nxe5 20. dxe5 Rxd1+ 21. Rxd1 axb4 22. axb4 bxc5 23. bxc5 Bb5 24. Rd6 Qa7 25. Qc3 Qa4 26. Rd4 Qa2 27. Rd1 Qc4 28. Qe3 Qa4 29. Rd6 Bc4 30. Qd4 Bb5 31. Qc3 Ra8 32. Kh2 Rc8 33. Bf3 Qa6 34. Qd4 Qa2 35. Be4 Qa5 36. Bc2 h5 37. Qe4 g6 38. Rxe6 Qd2 39. Rf6 Rd8 40. e6 1-0

[Event "45th Olympiad Budapest 2024"]
[Site "Budapest"]
[Date "2024.09.19"]
[Round "8"]
[Board "3"]
[White "Soliz Gabarrete, Luis Fernando"]
[Black "Mertens, Marc"]
[Result "0-1"]
[WhiteElo "1920"]
[BlackElo "2120"]
[PlyCount "66"]
[EventDate "2024.09.11"]
[EventType "team-tourn"]
[EventRounds "11"]
[EventCountry "HUN"]
[WhiteTeam "Honduras"]
[BlackTeam "Luxembourg"]
[WhiteTeamCountry "HON"]
[BlackTeamCountry "LUX"]

1. e4 c5 2. Nf3 d6 3. c3 Nf6 4. h3 Nc6 5. Bd3 e5 6. Bc2 d5 7. exd5 Qxd5 8. Qe2 Be7 9. d3 Bf5 10. Nbd2 Rd8 ({RR} 10... O-O-O 11. Nc4 e4 12. dxe4 Bxe4 13. Bxe4 Nxe4 14. Bf4 g5 15. Bh2 Rhe8 16. O-O Bf6 17. Ne3 Qe6 18. Rad1 h5 19. g4 hxg4 20. hxg4 Qxa2 21. Rxd8+ Rxd8 22. Nc4 Nxc3 23. Qc2 Qxc4 24. bxc3 Qxg4+ {0-1 Zarubitski,V (2386)-Grave,J (2287) Titled Tue 14th May Early 2024 (2)}) 11. Ne4 h6 12. O-O O-O 13. g4 $146 ({RR} 13. Re1 Rfe8 14. Nfd2 Bg6 15. Nxf6+ Bxf6 16. Ne4 Be7 17. Be3 b6 18. Qg4 Kh7 19. c4 Qd7 20. Qxd7 Rxd7 21. Ba4 Rc8 22. Nc3 Bxd3 23. Nd5 Bxc4 24. Bc2+ Kg8 25. Bf5 Rxd5 26. Bxc8 Nd4 27. Bxd4 cxd4 {0-1 Oro,F (2357)-Bocharov,D (2518) World Blitz 2023 (2.69)}) ({RR} 13. Be3 Nxe4 14. dxe4 Bxe4 15. Rfd1 Bxf3 16. gxf3 Qe6 17. Kh2 Rxd1 18. Rxd1 Rd8 19. Rxd8+ Nxd8 20. Qd3 g6 21. Bxh6 Qf6 22. Qd7 Ne6 23. Qxb7 Qh4 24. Be3 Bg5 25. Qe4 Bf4+ 26. Kg2 Ng5 27. Qa8+ Kg7 {0-1 Valkov,V (2061)-Kaderabek,J (2205) Sunny Beach op 10th 2011 (9)}) 13... Be6 14. b3 Qd7 15. Kh2 Nh7 16. Rg1 Kh8 17. Be3 b6 18. Rg3 f5 19. gxf5 Bxf5 20. Rag1 Rf7 21. a3 Nf6 22. c4 Rdf8 23. b4 Qc7 24. bxc5 Nh5 25. cxb6 Nxg3 26. Nxg3 axb6 27. Nd2 Nd4 28. Bxd4 exd4 29. Rg2 Bxa3 30. Nf3 Bc8 31. Ne5 Rf6 32. Qh5 Bb7 33. Ne4 Rf5 0-1

[Event "45th Olympiad Budapest 2024"]
[Site "Budapest"]
[Date "2024.09.19"]
[Round "8"]
[Board "4"]
[White "Gengler, Pierre"]
[Black "Zuniga Garcia, German"]
[Result "1-0"]
[WhiteElo "2097"]
[BlackElo "1877"]
[PlyCount "93"]
[EventDate "2024.09.11"]
[EventType "team-tourn"]
[EventRounds "11"]
[EventCountry "HUN"]
[WhiteTeam "Luxembourg"]
[BlackTeam "Honduras"]
[WhiteTeamCountry "LUX"]
[BlackTeamCountry "HON"]

1. g3 c5 2. Bg2 Nc6 3. e4 g6 4. Ne2 Bg7 5. Nbc3 e6 6. O-O Nge7 7. d3 O-O 8. Be3 b6 9. d4 Rb8 $146 ({RR} 9... cxd4 10. Nxd4 Ba6 11. Re1 Rc8 12. Qd2 Ne5 13. Rad1 Nc4 14. Qc1 d5 15. exd5 exd5 16. Bg5 Bxd4 17. Bxe7 Qd7 18. Rxd4 Rfe8 19. Nxd5 {1-0 Kasperavicius,J-Rudys,M (1665) Panevezys op 20th 2007 (9)}) ({RR} 9... d6 10. Qd2 e5 11. dxc5 dxc5 12. Nd5 Nxd5 13. exd5 Nd4 14. c3 Nxe2+ 15. Qxe2 f5 16. d6 Rb8 17. Rad1 Bb7 18. f4 Bxg2 19. Kxg2 e4 20. Qc4+ Kh8 21. d7 Bf6 22. Rd6 Kg7 23. Rfd1 Rb7 24. Qd5 {1-0 Mamedov,R (2679)-Kalmachevskikh,V (2293) Khanty-Mansiysk Governor Cup 7th 2011 (2)}) ({RR} 9... cxd4 10. Nxd4 Ba6 11. Re1 Ne5 12. Ndb5 Nc4 13. Bc1 d5 14. exd5 Nxd5 15. Nxd5 exd5 16. Nd4 Re8 17. Nc6 Qd6 18. Bxd5 Kh8 19. Rxe8+ Rxe8 20. Bf4 Qc5 21. Qf3 Nxb2 22. Be3 Qf8 23. Bd4 Bxd4 24. Nxd4 {0-1 Danielyan,V (2335)-Mikaelyan,A (2508) Titled Tue 19th Mar Late 2024 (7)}) ({RR} 9... cxd4 10. Nxd4 a6 11. f4 Bb7 12. Qd2 Qc7 13. Rad1 Rac8 14. f5 exf5 15. exf5 Nxd4 16. Bxd4 Bxd4+ 17. Qxd4 Nxf5 18. Qf2 Bxg2 19. Kxg2 Qc6+ 20. Kg1 b5 21. Nd5 Qxc2 22. g4 Ng7 23. Ne7+ Kh8 24. Nxc8 {½-½ Sandoval Mercado,C-He,T (1822) Pan American U10 2010 (3)}) ({RR} 9... d5 10. exd5 exd5 11. Nf4 Ba6 12. Ncxd5 Bxf1 13. Nxe7+ Nxe7 14. Bxa8 Qxa8 15. Qxf1 cxd4 16. Bd2 Nf5 17. Qd3 Re8 18. Re1 Rxe1+ 19. Bxe1 Qe8 20. Bd2 Qc6 21. Ne2 Qd5 22. b3 Qc6 23. c4 dxc3 24. Qd8+ {½-½ Mareckova,M-Hegarty,S (1880) Faber Cup Aberdeen 2004 (3.3)}) 10. Qd2 d5 11. exd5 exd5 12. Rad1 Be6 13. dxc5 d4 14. Nxd4 Nxd4 15. Bxd4 Bxd4 16. Qxd4 Qxd4 17. Rxd4 bxc5 18. Ra4 Rxb2 19. Rc1 Nc8 20. Bd5 Nb6 21. Bxe6 Nxa4 22. Nxa4 Rb4 23. Bb3 Rc8 24. c3 Re4 25. c4 Rd4 26. Kf1 Kg7 27. Re1 Kf6 28. Nc3 Rc6 29. Nd5+ Kg7 30. Re7 Re6 31. Rxa7 Rd2 32. Ne3 Rf6 33. Nd1 Re6 34. Rc7 Re5 35. Ne3 h5 36. h4 g5 37. hxg5 Rxg5 38. a4 Rb2 39. Bd1 Ra2 40. Bf3 Rxa4 41. Bd5 Ra2 42. Rxf7+ Kh8 43. Rc7 Rg6 44. Rxc5 Rb6 45. Be4 Rh6 46. Rc8+ Kg7 47. Nf5+ 1-0

[Event "45th Olympiad Budapest 2024"]
[Site "Budapest"]
[Date "2024.09.19"]
[Round "8"]
[Board "1"]
[White "Chavez, Ricardo Ernesto"]
[Black "Aziz, Husain"]
[Result "0-1"]
[WhiteElo "2185"]
[BlackElo "2340"]
[PlyCount "110"]
[EventDate "2024.09.11"]
[EventType "team-tourn"]
[EventRounds "11"]
[EventCountry "HUN"]
[WhiteTeam "El Salvador"]
[BlackTeam "Qatar"]
[WhiteTeamCountry "ESA"]
[BlackTeamCountry "QAT"]

1. e4 e5 2. Nf3 Nc6 3. Bb5 a6 4. Ba4 Nf6 5. d4 exd4 6. O-O Be7 7. e5 Ne4 8. Nxd4 O-O 9. Nf5 d5 10. exd6 Bxf5 11. Bxc6 ({RR} 11. dxe7 Nxe7 12. Bb3 Nc5 13. Nc3 Nxb3 14. cxb3 Qxd1 15. Rxd1 Rad8 16. Bf4 {½-½ Kramnik,V (2777)-Adams,M (2725) Cap d'Agde-A rapid 2003 (6)}) ({RR} 11. dxe7 Qxe7 12. Bxc6 bxc6 13. Qf3 Qf6 14. Na3 h6 15. Nc4 Bg6 16. Qxf6 Nxf6 17. Ne3 Nd5 18. Nxd5 cxd5 19. c3 c5 20. Be3 Rac8 21. Rfd1 Rfd8 22. f3 Rd7 23. Rd2 f6 24. Kf2 Bf7 25. a3 a5 {1-0 Rustamov,R (2261)-Osinovsky,S (2241) Titled Tue 16th Apr Early 2024 (3)}) 11... Bxd6 $146 ({RR} 11... bxc6 12. dxe7 Qxe7 13. Qf3 {½-½ Martin Del Campo C,R (2244)-Krishnakumar,S (2312) Hollywood Classic 3rd 2022 (8)}) 12. Qf3 bxc6 13. Qxf5 Re8 14. Be3 Be5 15. c3 Rb8 16. Na3 Qd5 17. Qg4 Rxb2 18. Rfd1 Nf6 19. Qa4 Qe4 20. Qxe4 Nxe4 21. Nc4 Bxc3 22. Nxb2 Bxb2 23. Rab1 Nc3 24. Rxb2 Nxd1 25. Rb7 f5 26. Ra7 f4 27. Bd2 Re2 28. Ra8+ Kf7 29. Rd8 Ke7 30. Rd3 Nxf2 31. Kf1 Nxd3 32. Kxe2 Ne5 33. Bxf4 Ke6 34. Ke3 Kd5 35. Bg3 c5 36. Kf4 c4 37. Ke3 c6 38. Kd2 Ng4 39. Bc7 Kd4 40. Bb6+ c5 41. Ba5 g6 42. h3 Ne3 43. g4 Nd5 44. Bd8 Ke4 45. Bh4 Nf4 46. Bf2 Nxh3 47. Bxc5 h5 48. gxh5 gxh5 49. Kc3 Kd5 50. Be3 h4 51. a4 Ke4 52. Bb6 Kf3 53. Bd8 Ng5 54. Kxc4 h3 55. Bc7 Ne4 0-1

[Event "45th Olympiad Budapest 2024"]
[Site "Budapest"]
[Date "2024.09.19"]
[Round "8"]
[Board "2"]
[White "Erfan, Mohamad Firdaus"]
[Black "Arias, Daniel"]
[Result "0-1"]
[WhiteElo "1758"]
[BlackElo "2213"]
[PlyCount "72"]
[EventDate "2024.09.11"]
[EventType "team-tourn"]
[EventRounds "11"]
[EventCountry "HUN"]
[WhiteTeam "Qatar"]
[BlackTeam "El Salvador"]
[WhiteTeamCountry "QAT"]
[BlackTeamCountry "ESA"]

1. d4 Nf6 2. c4 e6 3. Nc3 Bb4 4. e3 b6 5. Bd3 Bb7 6. Nge2 Bxg2 7. Rg1 Bf3 8. Rg3 ({RR} 8. Qc2 Nc6 9. a3 Bd6 10. Rxg7 Kf8 11. Ng1 Bg4 12. Rxg4 Nxg4 13. h3 Nh2 14. Bd2 Qh4 15. O-O-O Qxf2 16. Ne4 Qg2 17. Nxd6 cxd6 18. Be4 Qf2 19. Qd3 Rg8 20. Ne2 Nf3 21. Bc3 Ng5 22. Bh1 Rc8 {1-0 Gelfand,B (2741)-Vallejo Pons,F (2703) Leon 23rd rapid 2010 (1.5)}) 8... Bxc3+ 9. bxc3 Be4 10. Nf4 $146 ({RR} 10. Qc2 Bxd3 11. Qxd3 g6 12. e4 d6 13. Bg5 h6 14. Rh3 Rh7 15. Bxh6 Nh5 16. Bd2 Nc6 17. f4 Qd7 18. f5 O-O-O 19. fxg6 fxg6 20. Rb1 Rf8 21. Rf3 Rhf7 22. Rxf7 Qxf7 23. Kd1 Qf2 24. Qh3 Kb7 {0-1 Mortazavi,A (2371)-Ward,C (2485) Gibraltar Masters 2005 (6)}) ({RR} 10. Qc2 Bxd3 11. Qxd3 Nh5 12. Rh3 g6 13. e4 d6 14. Ng3 Nxg3 15. Qxg3 f6 16. Bh6 Rg8 17. e5 Nd7 18. O-O-O Qe7 19. exf6 Nxf6 20. Bg5 Ne4 21. Bxe7 Nxg3 22. fxg3 Kxe7 23. Rxh7+ Kd8 24. Rf1 Kc8 {1-0 Lodici,L (2556)-Giri,A (2724) 45th Olympiad 2024 (3.6)}) ({RR} 10. f3 Bxd3 11. Qxd3 g6 12. e4 d6 13. Bg5 h6 14. Rh3 Rh7 15. Rxh6 Rxh6 16. Bxh6 Nh5 17. O-O-O Nc6 18. f4 Qd7 19. e5 d5 20. cxd5 Qxd5 21. c4 Qa5 22. Qb3 O-O-O 23. Bg5 Rd7 24. d5 exd5 {0-1 Iljin,T (2398)-Polivanov,A (2380) Alushta Autumn 2nd 2010 (3)}) ({RR} 10. f3 Bxd3 11. Qxd3 Nh5 12. Rh3 g6 13. e4 d6 14. Bh6 Nc6 15. f4 Qd7 16. Bg5 f6 17. Rxh5 gxh5 18. Bxf6 Rf8 19. Bg5 Ne7 20. Qh3 O-O-O 21. Qxh5 Rde8 22. Qg4 Nc6 23. Qf3 Kb8 24. Rb1 Na5 {0-1 Zsinka,L (2325)-Grosar,A (2485) AUT-chT 9697 1996 (6)}) 10... g6 11. f3 Bxd3 12. Qxd3 d6 13. e4 Nbd7 14. a4 c5 15. Qe2 Rc8 16. d5 exd5 17. Nxd5 Nxd5 18. exd5+ Qe7 19. Be3 O-O 20. Kf2 Rfe8 21. Re1 Qf6 22. Qd2 Ne5 23. Bg5 Nxc4 24. Rxe8+ Rxe8 25. Qd3 Nb2 26. Qd2 Qxc3 27. Qxc3 Nd1+ 28. Kg2 Nxc3 29. f4 Ne4 30. Re3 f6 31. Bh4 Kf7 32. Rb3 c4 33. Rb4 c3 34. Rc4 Nc5 35. Rxc3 Re2+ 36. Bf2 Rxf2+ 0-1